El diálogo católico-protestante / (Record no. 51691)

MARC details
000 -LEADER
campo de control de longitud fija 00810nam a2200229 i 4500
001 - NÚMERO DE CONTROL
campo de control 51691
003 - IDENTIFICADOR DE NÚMERO DE CONTROL
campo de control ES-MaACL
005 - FECHA Y HORA DE LA ÚLTIMA TRANSACCIÓN
campo de control 20251013211952.0
007 - CAMPO FIJO DE DESCRIPCIÓN FÍSICA--INFORMACIÓN GENERAL
campo de control de longitud fija t|
008 - DATOS DE LONGITUD FIJA--INFORMACIÓN GENERAL
campo de control de longitud fija 030814s1960 sp ||||1| spa d
100 0# - ENTRADA PRINCIPAL--NOMBRE DE PERSONA
Nombre de persona Daniélou, Jean.
9 (RLIN) 42633
245 13 - MENCIÓN DEL TÍTULO
Título El diálogo católico-protestante /
Mención de responsabilidad, etc. Jean Danielou, Jean Guitton y Jean Bosc ; [versión española Carlos Lluch].
260 ## - PUBLICACIÓN, DISTRIBUCIÓN, ETC.
Lugar de publicación, distribución, etc. Valencia :
Nombre del editor, distribuidor, etc. Fomento de Cultura,
Fecha de publicación, distribución, etc. [1960]
300 ## - DESCRIPCIÓN FÍSICA
Extensión 185 p. ;
Dimensiones 18 cm.
610 24 - PUNTO DE ACCESO ADICIONAL DE MATERIA--NOMBRE DE ENTIDAD CORPORATIVA
Nombre de entidad corporativa o nombre de jurisdicción como elemento de entrada Iglesia Católica-
Subdivisión general Relaciones-
-- Iglesias protestantes.
9 (RLIN) 165681
650 #4 - PUNTO DE ACCESO ADICIONAL DE MATERIA--TÉRMINO DE MATERIA
Término de materia o nombre geográfico como elemento de entrada Iglesias protestantes-
Subdivisión general Relaciones-
-- Iglesia Católica.
9 (RLIN) 165682
700 1# - ENTRADA AGREGADA--NOMBRE PERSONAL
Nombre de persona Guitton, Jean,
Fechas asociadas al nombre 1901-1999
9 (RLIN) 60916
700 1# - ENTRADA AGREGADA--NOMBRE PERSONAL
Nombre de persona Bosc, Jean.
9 (RLIN) 30631
700 1# - ENTRADA AGREGADA--NOMBRE PERSONAL
Nombre de persona Lluch, Carlos.
9 (RLIN) 72959
852 ## - LOCALIZACIÓN
Ubicación ES-MaACL
Número de control de estantería F-222
Sublocalización o colección R.47257
Holdings
Estatus retirado Estado de pérdida Estado de daño No para préstamo Biblioteca de origen Biblioteca actual Ubicación en estantería Fecha de adquisición Fuente de adquisición Total de préstamos Signatura topográfica completa Código de barras Visto por última vez Precio de reemplazo Tipo de ítem Koha
        Biblioteca del Ateneo de Madrid Biblioteca del Ateneo de Madrid Depósito 2 17/01/2008     F-222 1054357 23/02/2023 23/02/2023 Libro impreso